[Event "28th Schwarzacher Open"]
[Site "Schwarzach AUT"]
[Date "2013.08.21"]
[Round "6.3"]
[White "Biti,O"]
[Black "Epishin,V"]
[Result "0-1"]
[WhiteElo "2387"]
[BlackElo "2598"]
[ECO "B23"]

1.e4 c5 2.Nc3 Nc6 3.Bb5 Nf6 4.Bxc6 dxc6 5.d3 e5 6.f4 exf4 7.Bxf4 c4 8.Nf3 cxd3
9.cxd3 Be7 10.Qd2 O-O 11.O-O Bg4 12.Kh1 Bh5 13.Ne2 Bg6 14.Ng3 a5 15.a3 a4
16.Ne5 Nd7 17.Nxd7 Qxd7 18.Rad1 Rfe8 19.Be3 Bf8 20.Qc3 c5 21.Bxc5 Rac8 22.Qd4 Qxd4
23.Bxd4 f6 24.Rd2 Red8 25.Be3 b5 26.Bb6 Rd7 27.Ba5 Ra7 28.Bb6 Ra6 29.Be3 b4
30.axb4 Bxb4 31.Re2 Be8 32.Rd1 Rac6 33.Kg1 Rc2 34.Rxc2 Rxc2 35.Bd4 Bf7 36.h3 Bb3
37.Rf1 Rd2 38.Rf3 Rd1+ 39.Kf2 Bc2 40.Ne2 Be1+ 41.Ke3 Rxd3+ 42.Kf4 Rd2 43.Ke3 Bd1
44.Rf2 Rc2 45.Rf1 Rxe2+ 46.Kd3 h5 47.g4 h4 48.Bc3 a3 49.bxa3 Bxc3 50.Kxc3 Ba4  0-1

[Event "6th Jessie Gilbert Open 2013"]
[Site "Coulsdon ENG"]
[Date "2013.08.22"]
[Round "8"]
[White "Healey,M"]
[Black "Morais,V"]
[Result "0-1"]
[WhiteElo "2108"]
[BlackElo "1989"]
[ECO "B30"]

1.e4 c5 2.Nf3 Nc6 3.Nc3 g6 4.Be2 Bg7 5.O-O e5 6.d3 Nge7 7.Bg5 h6 8.Be3 d6
9.Nd2 O-O 10.Nc4 b6 11.Qd2 Nd4 12.Bxd4 cxd4 13.Nb5 d5 14.exd5 Nxd5 15.Bf3 Be6
16.a4 a6 17.Nba3 Rb8 18.Rfe1 Qc7 19.Rec1 Rfc8 20.a5 bxa5 21.c3 dxc3 22.bxc3 Nf4
23.g3 Nh3+ 24.Kf1 Ng5 25.Bg2 f5 26.Rab1 Nf7 27.Qc2 e4 28.Rxb8 Rxb8 29.Qe2 Rc8
30.g4 Bxc4 31.dxc4 Qc5 32.Nb1 Qxc4 33.gxf5 gxf5 34.Bh3 Qxe2+ 35.Kxe2 Rc5
36.Nd2 Nd6 37.c4 a4 38.Nb1 Kf7 39.f3 exf3+ 40.Kxf3 Be5 41.Rc2 Kf6 42.Na3 Nf7
43.Bf1 Ng5+ 44.Kg2 Bd4 45.Rd2 Ke5 46.Nc2 Bc3 47.Rd3 Ne4 48.Rd8 Rc6 49.Rd5+ Kf4
50.Be2 Bb2 51.Nb4 Rg6+ 52.Kf1 a3 53.Ra5 Nd2+ 54.Ke1 Nb3 55.Nd5+ Ke4 56.Ra4 Rg1+
57.Bf1 Nc5 58.Ra5 Kd4 59.h4 Rxf1+  0-1

[Event "ch-ESP w 2013"]
[Site "Linares ESP"]
[Date "2013.08.22"]
[Round "6.3"]
[White "Nicolas Zapata,I"]
[Black "Calzetta Ruiz,M"]
[Result "1/2-1/2"]
[WhiteElo "2253"]
[BlackElo "2221"]
[ECO "B23"]

1.e4 c5 2.Nc3 Nc6 3.Bb5 Nd4 4.Nf3 Nxb5 5.Nxb5 d5 6.exd5 a6 7.Nc3 Nf6 8.Ne5 Nxd5
9.Qh5 Be6 10.O-O g6 11.Qh4 Bg7 12.Re1 Nb4 13.d3 O-O 14.Ne4 Nxc2 15.Ng5 h5
16.Nxe6 fxe6 17.Qc4 Bxe5 18.Qxc2 Bd4 19.Be3 Rf6 20.Bxd4 Qxd4 21.Re4 Qd5 22.Rae1 Rd8
23.Re5 Qxd3 24.Qxc5 Qd2 25.f3 Qxb2 26.Qxe7 Rd2 27.Rg5 Qd4+ 28.Kh1 Qe3 29.Rc1 Rc2
30.Qd8+ Kg7 31.Rd1 Rc1 32.h4 Rf4 33.Rxg6+ Kxg6 34.Qg8+ Kf6 35.Qf8+ Ke5 36.Qd6+ Kf6
37.Qf8+ Ke5 38.Qd6+  1/2-1/2

[Event "TCh-POR Div1 Final 2013"]
[Site "Matosinhos POR"]
[Date "2013.08.23"]
[Round "7.5"]
[White "Vasques,A"]
[Black "Guerreiro,N"]
[Result "1-0"]
[WhiteElo "2183"]
[BlackElo "2153"]
[ECO "B23"]

1.e4 c5 2.Nc3 Nc6 3.Bb5 Nd4 4.Nf3 Nxb5 5.Nxb5 d6 6.d4 a6 7.Nc3 cxd4 8.Qxd4 e5
9.Qd3 h6 10.Be3 Nf6 11.O-O-O Be6 12.Nd2 Rc8 13.Kb1 Be7 14.f4 Qc7 15.Nd5 Nxd5
16.exd5 Bg4 17.Rc1 g6 18.fxe5 dxe5 19.Rhf1 Bf5 20.Rxf5 gxf5 21.Qxf5 Rg8 22.Ne4 Rxg2
23.d6 Qd7 24.Qxe5 Qe6 25.d7+ Kxd7 26.Rd1+ Ke8 27.Qh8+ Bf8 28.Nd6+ Ke7 29.Nxc8+ Qxc8
30.Qe5+  1-0

[Event "28th Schwarzacher Open"]
[Site "Schwarzach AUT"]
[Date "2013.08.23"]
[Round "8.6"]
[White "Biti,O"]
[Black "Lizak,P"]
[Result "1/2-1/2"]
[WhiteElo "2387"]
[BlackElo "2415"]
[ECO "B23"]

1.e4 c5 2.Nc3 Nc6 3.Bb5 Nd4 4.Bc4 e6 5.Nf3 a6 6.Nxd4 cxd4 7.Ne2 Nf6 8.d3 Bc5
9.O-O O-O 10.Bb3 d6 11.Ng3 e5 12.h3 a5 13.Qf3 a4 14.Bg5 h6 15.Bxf6 Qxf6 16.Qxf6 gxf6
17.Bd5 Bb4 18.Nh5 f5 19.exf5 Bxf5 20.Bxb7 Ra7 21.Bd5 Bg6 22.Ng3 Ra5 23.Bf3 Rc8
24.Bd1 Bd2 25.Ne4 Bxe4 26.dxe4 Rb5 27.c4 dxc3 28.bxc3 Bxc3 29.Bxa4 Rb4 30.Bd7 Rc7
31.Rac1 Rxe4 32.Bb5 Rb4 33.a4 Rc5 34.Rfd1 Bd4 35.Rxc5 dxc5 36.Rd2 c4 37.Kf1 c3
38.Rc2 Kf8 39.f3 Ke7 40.Ke2 Kd6 41.Kd3 h5 42.h4 f5 43.Be8 Ke7 44.Bxh5 Rxa4
45.g4 fxg4  1/2-1/2

[Event "4th Sarkany-Aranytiz IM"]
[Site "Budapest HUN"]
[Date "2013.08.24"]
[Round "8"]
[White "Torma,R"]
[Black "To,N"]
[Result "1/2-1/2"]
[WhiteElo "2385"]
[BlackElo "2296"]
[ECO "B23"]

1.e4 c5 2.Nc3 Nc6 3.Bb5 Nd4 4.Bc4 e6 5.Nge2 Nf6 6.O-O b5 7.Nxb5 Nxb5 8.Bxb5 Nxe4
9.d4 Qb6 10.Bd3 Nf6 11.Be3 Nd5 12.c4 Nxe3 13.fxe3 g6 14.Be4 Rb8 15.b3 Bg7
16.Qd2 O-O 17.Rad1 a5 18.Nc3 Qb4 19.Na4 Qxd2 20.Rxd2 cxd4 21.exd4 f5 22.Bf3 d6
23.Bc6 Rf7 24.d5 e5 25.c5 e4 26.cxd6 Bf8 27.Nb2 Ba6 28.Nc4 Bxc4 29.bxc4 Bxd6
30.Kf2 f4 31.Ke2 g5 32.c5 Bxc5 33.d6 Rff8 34.d7 Be3 35.Rc2 Rb4 36.a3 Rd4
37.Rd1 Rxd1 38.Kxd1 Rd8 39.Ke2 Bb6 40.Rb2 Bc7 41.Rb7 f3+ 42.gxf3 exf3+ 43.Kxf3 Bxh2
44.Kg4 Bd6 45.a4 h6 46.Rb5 Bc7 47.Rc5 Kg7 48.Bb5 Bd6 49.Rc8 Be7 50.Rxd8  1/2-1/2

[Event "3rd Isthmia Open"]
[Site "Vrachati GRE"]
[Date "2013.08.24"]
[Round "8.6"]
[White "Pavlovic,Milos"]
[Black "Sirigos,N"]
[Result "1-0"]
[WhiteElo "2511"]
[BlackElo "2216"]
[ECO "B30"]

1.e4 c5 2.Nf3 Nc6 3.Nc3 e5 4.Bc4 Be7 5.d3 d6 6.a3 Nf6 7.Bg5 O-O 8.Bxf6 Bxf6
9.Nd5 g6 10.b4 Bg7 11.h4 Bg4 12.Ne3 Bxf3 13.Qxf3 h5 14.c3 Qf6 15.Qh3 Ne7
16.b5 Bh6 17.Nd5 Nxd5 18.Bxd5 Rab8 19.g4 hxg4 20.Qxg4 Kg7 21.h5 Qf4 22.Qxf4 Bxf4
23.hxg6 fxg6 24.a4 Bg5 25.Ke2 Rf4 26.Rag1 Rh4 27.Rxh4 Bxh4 28.Rf1 b6 29.Rh1 Bg5
30.Be6 Rf8 31.f3 Rf4 32.Bg4 Rf7 33.Ra1 Bd8 34.Kd2 Rf8 35.Kc2 c4 36.dxc4 Rh8
37.Kb3 Rh2 38.c5 bxc5 39.a5 Rd2 40.Kc4 Kf6 41.b6 Bxb6 42.axb6 axb6 43.Rb1 Kg5
44.Rxb6 Kf4 45.Rb7 Ke3 46.Rg7  1-0

[Event "TCh-POR Div1 Final 2013"]
[Site "Matosinhos POR"]
[Date "2013.08.25"]
[Round "9.2"]
[White "Butkiewicz,L"]
[Black "Ferreira,Jor1"]
[Result "0-1"]
[WhiteElo "2437"]
[BlackElo "2390"]
[ECO "B23"]

1.e4 c5 2.Nc3 Nc6 3.Bb5 Nd4 4.Bc4 e6 5.Nge2 Nf6 6.O-O d5 7.exd5 exd5 8.Nxd5 Nxd5
9.Nxd4 cxd4 10.Qh5 Be6 11.Re1 Be7 12.Rxe6 O-O 13.Re1 Nb4 14.Bb3 Rc8 15.Qd1 d3
16.c3 Nc6 17.Qf3 Bd6 18.g3 Ne5 19.Qxb7 Qf6 20.Kg2 Rce8 21.Rf1 Ng4 22.h3 Ne5
23.Bd1 Re7 24.Qd5 Rd8 25.b3 Re6 26.Bb2 Ba3 27.Qa5 Bxb2 28.Rb1 Ra6 29.Qc7 Ba3
30.Re1 Bd6 31.Qb7 Rxa2  0-1

[Event "TCh-SRB 1st League 2013"]
[Site "Kragujevac SRB"]
[Date "2013.08.27"]
[Round "4.1"]
[White "Kadric,D"]
[Black "Indjic,A"]
[Result "1/2-1/2"]
[WhiteElo "2458"]
[BlackElo "2549"]
[ECO "B23"]

1.e4 c5 2.Nc3 Nc6 3.Nge2 e6 4.d4 d5 5.exd5 exd5 6.Be3 cxd4 7.Nxd4 Nf6 8.Bb5 Bd7
9.O-O a6 10.Bxc6 bxc6 11.Nb3 Bd6 12.Bc5 Bxc5 13.Nxc5 O-O 14.Re1 Bf5 15.N3a4 Qd6
16.h3 a5 17.c3 h6 18.Qd4 Rfe8 19.Nb6 Rab8 20.Nc4 Qd8 21.Rxe8+ Nxe8 22.Ne3 Bg6
23.b3 Qe7 24.Rd1 Rb5 25.Na4 Nc7 26.Qa7 Kh7 27.Rd2 Qe5 28.Qd4 Qxd4 29.Rxd4 Ne6
30.Rd2 Rb8 31.f3 Re8 32.Kf2 h5 33.h4 Kg8 34.g3 f6 35.Ng2 Kf7 36.Ne3  1/2-1/2

[Event "21st Honor to National Resistance"]
[Site "Nikaia GRE"]
[Date "2013.08.27"]
[Round "2.3"]
[White "Goumas,G"]
[Black "Drakoulakos,Grigorios"]
[Result "1/2-1/2"]
[WhiteElo "2380"]
[BlackElo "1925"]
[ECO "B23"]

1.e4 c5 2.Nc3 Nc6 3.Bb5 Nd4 4.Nf3 e6 5.O-O a6 6.Bd3 Nxf3+ 7.Qxf3 d6 8.b3 Nf6
9.Bb2 Be7 10.Qg3 O-O 11.f4 d5 12.e5 Ne8 13.Kh1 f5 14.exf6 Nxf6 15.Rae1 b5
16.Re5 Rf7 17.Rfe1 c4 18.bxc4 bxc4 19.Be2 Rb8 20.Ba1  1/2-1/2

[Event "15th Sants Open 2013"]
[Site "Barcelona ESP"]
[Date "2013.08.28"]
[Round "6.11"]
[White "Vocaturo,D"]
[Black "Huerga Leache,M"]
[Result "1/2-1/2"]
[WhiteElo "2549"]
[BlackElo "2433"]
[ECO "B23"]

1.e4 c5 2.Nc3 Nc6 3.Bb5 Nd4 4.Bc4 e6 5.Nge2 a6 6.Nxd4 cxd4 7.Ne2 b5 8.Bb3 Bb7
9.d3 Bc5 10.O-O Ne7 11.Ng3 O-O 12.Qh5 Rc8 13.Bg5 f6 14.Bd2 Kh8 15.a4 b4 16.a5 Qc7
17.Ra4 Qd6 18.Qe2 f5 19.f3 Bc6 20.Raa1 Bb7 21.Qe1 Ng6 22.Ra4 Bc6 23.Rxb4 fxe4
24.fxe4 Rxf1+ 25.Nxf1 Bxb4 26.Bxb4 Qf4 27.Qg3 d5 28.Bd6 Qxg3 29.Nxg3 dxe4
30.dxe4 Bb7 31.Kf2 h5 32.h4 Rc6 33.e5 Nxh4 34.Ke2 Nxg2 35.Nxh5 g6 36.Nf6 Nf4+
37.Kd2 Kg7 38.Nd7 g5 39.Nc5 g4 40.Nxe6+ Nxe6 41.Bxe6 g3 42.Bd5 Rxc2+ 43.Kxc2 Bxd5
44.Bc5 Be4+ 45.Kd2 d3 46.e6  1/2-1/2

[Event "Petersburg Summer Blitz 2013"]
[Site "St Petersburg RUS"]
[Date "2013.08.28"]
[Round "1.9"]
[White "Anisimov,P2"]
[Black "Korchagina,V"]
[Result "1-0"]
[WhiteElo "2538"]
[BlackElo "2058"]
[ECO "B63"]

1.e4 c5 2.Ne2 Nc6 3.Nbc3 Nf6 4.d4 cxd4 5.Nxd4 d6 6.Bg5 e6 7.Qd2 Be7 8.O-O-O a6
9.f3 Qc7 10.g4 Bd7 11.Be3 O-O 12.h4 Rfc8 13.h5 b5 14.g5 Ne8 15.g6 b4 16.Nce2 Ne5
17.Nf4 Nc4 18.Bxc4 Qxc4 19.Kb1 Bf6 20.h6 fxg6 21.hxg7 Bxg7 22.Qh2 Nf6 23.Nd3 e5
24.Nb3 a5 25.f4 Ng4 26.Qxh7+ Kf7 27.Nxe5+ Nxe5 28.fxe5 Qxc2+ 29.Ka1 Rh8 30.Rhf1+ Bf5
31.Rxf5+ gxf5 32.Qxf5+ Kg8 33.Qe6+ Kh7 34.Rh1+  1-0

[Event "Petersburg Summer Blitz 2013"]
[Site "St Petersburg RUS"]
[Date "2013.08.28"]
[Round "10.2"]
[White "Stukopin,A"]
[Black "Zvjaginsev,V"]
[Result "1-0"]
[WhiteElo "2522"]
[BlackElo "2659"]
[ECO "B35"]

1.e4 c5 2.Nf3 Nc6 3.Nc3 g6 4.d4 cxd4 5.Nxd4 Bg7 6.Be3 Nf6 7.Bc4 O-O 8.Bb3 e6
9.O-O d5 10.exd5 exd5 11.h3 a6 12.Qf3 Ne5 13.Qe2 Re8 14.Rad1 b5 15.a4 b4
16.Na2 a5 17.c3 bxc3 18.Nxc3 Bb7 19.Ndb5 Qb8 20.Nxd5 Nxd5 21.Bxd5 Bxd5 22.Rxd5 Nc6
23.Rfd1 Re6 24.b3 h5 25.Qc4 Bf8 26.Bf4 Ne5 27.Qc7 Bg7 28.Rd8+  1-0

[Event "TCh-SRB 1st League w 2013"]
[Site "Kragujevac SRB"]
[Date "2013.08.29"]
[Round "6.3"]
[White "Stojadinov,S"]
[Black "Muzychuk,M"]
[Result "0-1"]
[WhiteElo "1935"]
[BlackElo "2495"]
[ECO "B23"]

1.e4 c5 2.Nc3 Nc6 3.Bb5 Nd4 4.Bc4 e6 5.Nge2 a6 6.d3 b5 7.Bb3 Nxb3 8.axb3 Bb7
9.f4 d5 10.exd5 exd5 11.d4 c4 12.bxc4 dxc4 13.O-O Nf6 14.Ng3 Be7 15.Be3 O-O
16.h3 Re8 17.Qd2 Bb4 18.Qf2 Ba5 19.Rfe1 Bb6 20.Nf1 Qd7 21.Nh2 Rxe3 22.Rxe3 Bxd4
23.Nf3 Bxf3 24.Qxf3 Re8 25.Re1 Bxe3+ 26.Rxe3 Qd4 27.Kf2 b4 28.Nd1 Rd8  0-1

[Event "88th ch-ARG Superior 2013"]
[Site "Resistance/Saenz Pena ARG"]
[Date "2013.08.29"]
[Round "5.1"]
[White "Iermito,S"]
[Black "Felgaer,R"]
[Result "1/2-1/2"]
[WhiteElo "2473"]
[BlackElo "2586"]
[ECO "B30"]

1.e4 c5 2.Nf3 Nc6 3.Nc3 Nf6 4.Bb5 g6 5.Bxc6 dxc6 6.d3 Bg7 7.Be3 b6 8.h3 Nd7
9.Qd2 e5 10.Bh6 Bxh6 11.Qxh6 Qe7 12.O-O Qf8 13.Qe3 Qg7 14.Nh2 O-O 15.f4 exf4
16.Qxf4 Ne5 17.Nf3 f6 18.Rf2 Be6 19.Raf1 Rae8 20.Nxe5  1/2-1/2

[Event "XXX Collado Villalba Open 2013"]
[Site "Collado Villalba ESP"]
[Date "2013.08.30"]
[Round "8.24"]
[White "Alvarez Carbajales,F"]
[Black "Martin Carmona,Gaston Manuel"]
[Result "1-0"]
[WhiteElo "1946"]
[BlackElo "1942"]
[ECO "B23"]

1.e4 c5 2.Nc3 Nc6 3.Nge2 g6 4.g3 Bg7 5.Bg2 e6 6.d3 Nge7 7.Be3 Nd4 8.Qd2 d6
9.Nd1 Nec6 10.c3 Nxe2 11.Qxe2 Rb8 12.Qd2 O-O 13.Bh6 Bxh6 14.Qxh6 Qf6 15.h4 Ne5
16.Qe3 h5 17.f3 Nc6 18.Nf2 e5 19.O-O-O Be6 20.Kb1 Kh8 21.f4 b5 22.f5 Bd7
23.g4 gxf5 24.exf5 hxg4 25.Nxg4 Qxf5 26.Rdf1 Qg6 27.Nf6 Bf5 28.Rxf5  1-0

[Event "11th Kesan Open"]
[Site "Edirne TUR"]
[Date "2013.08.30"]
[Round "8.2"]
[White "Yurtseven,M"]
[Black "Quparadze,G"]
[Result "0-1"]
[WhiteElo "2244"]
[BlackElo "2500"]
[ECO "B30"]

1.e4 c5 2.Nf3 Nc6 3.Nc3 e6 4.Bb5 Nge7 5.O-O a6 6.Bxc6 Nxc6 7.d4 cxd4 8.Nxd4 d6
9.Be3 Be7 10.Qe2 O-O 11.Rad1 Qc7 12.f4 b5 13.Nxc6 Qxc6 14.Bd4 b4 15.Nb1 Qb5
16.c4 bxc3 17.Nxc3 Qxe2 18.Nxe2 Bb7 19.Nc3 Rac8 20.f5 e5 21.Ba7 Rc4 22.Rfe1 Ra8
23.Bf2 Rac8 24.Re2 f6 25.Be1 Kf7 26.Nd5 Rc1 27.Rxc1 Rxc1 28.Nxe7 Kxe7 29.Kf2 Rc4
30.Kf3 g6 31.g4 d5 32.exd5 Bxd5+ 33.Kg3 gxf5 34.gxf5 Rf4 35.Rf2 Re4 36.Bc3 Bxa2
37.Rd2 Ra4 38.Rf2 Bb3 39.Rf1 Kd6 40.h3 Kd5 41.Rf2 Ke4 42.Bd2 Rd4 43.Bh6 Rd7
44.Rf3 Bd1 45.Ra3 Rd6 46.Bf8 Rb6 47.Ra1 Bh5 48.b4 Kxf5 49.Rf1+ Kg6 50.Rc1 Be2
51.Rc7 h5 52.Rc2 Bb5 53.Rc7 Rc6 54.Rg7+ Kf5 55.Bc5 Rc8 56.Kh4 Rd8 57.Rg3 Be2
58.Re3 Bb5 59.Rf3+ Ke6 60.Rg3 Kf7 61.Re3 Rg8 62.Kxh5 Rh8+ 63.Kg4 Bd7+ 64.Kg3 Rxh3+
65.Kf2 Rh2+ 66.Kg3 Rh5 67.Rd3  0-1

[Event "20th Graz Open 2013"]
[Site "Graz AUT"]
[Date "2013.08.30"]
[Round "7.1"]
[White "Goessler,Markus"]
[Black "Poetz,F"]
[Result "0-1"]
[WhiteElo "2124"]
[BlackElo "2417"]
[ECO "B34"]

1.e4 c5 2.Nf3 Nc6 3.Nc3 g6 4.d4 cxd4 5.Nxd4 Bg7 6.Be3 Nf6 7.Be2 O-O 8.f4 d6
9.Nb3 b6 10.g4 Nd7 11.Qd2 Nc5 12.O-O-O Bb7 13.Bf3 a5 14.Nd4 a4 15.h4 a3 16.b3 Rc8
17.h5 Nxd4 18.Bxd4 e5 19.fxe5 dxe5 20.Be3 Qf6 21.Rdf1 Rfd8 22.Qh2 Nxb3+ 23.axb3 Rxc3
24.hxg6 Qxg6 25.g5 Rdc8 26.Rf2 Rxe3 27.Bh5 Qxe4 28.Bxf7+ Kh8 29.Rd2 Qxh1+  0-1

[Event "TCh-SRB 1st League w 2013"]
[Site "Kragujevac SRB"]
[Date "2013.08.30"]
[Round "7.4"]
[White "Muzychuk,M"]
[Black "Voiska,M"]
[Result "1-0"]
[WhiteElo "2495"]
[BlackElo "2261"]
[ECO "B23"]

1.e4 c5 2.Nc3 Nc6 3.Bb5 g6 4.Bxc6 bxc6 5.f4 Bg7 6.Nf3 d6 7.O-O Nh6 8.d3 f5
9.Qe2 O-O 10.e5 Qc7 11.Bd2 Rb8 12.b3 Nf7 13.Rae1 Nd8 14.Na4 Ne6 15.Qf2 Bd7
16.Qh4 Rbe8 17.Bc3 Qd8 18.Rf2 d5 19.Ng5 Nxg5 20.Qxg5 c4 21.dxc4 Bc8 22.cxd5 cxd5
23.Bd4 Qc7 24.h4 e6 25.h5 gxh5 26.Qxh5 Rf7 27.Re3 Bf8 28.Rc3 Qd7 29.Rg3+ Rg7
30.Rxg7+ Kxg7 31.Rf3 Re7 32.Bf2 Rf7 33.Bh4 Be7 34.Rg3+ Kf8 35.Qh6+ Ke8 36.Rg8+ Bf8
37.Bf2 d4 38.c3 dxc3 39.Nxc3 Qc6 40.Na4 Bb7 41.Qh4 Rg7 42.Qh5+ Rg6 43.Rxg6 hxg6
44.Qxg6+ Kd8 45.Qg3 Qc2 46.Bxa7 Qxa2 47.Bb6+ Ke7 48.Bc5+ Kf7 49.Bxf8 Kxf8
50.Nc5 Qa7 51.Qf2 Qa1+ 52.Kh2 Bd5 53.Nd7+ Ke7 54.Nf6  1-0

[Event "US Masters 2013"]
[Site "Greensboro USA"]
[Date "2013.08.31"]
[Round "5.3"]
[White "Esserman,M"]
[Black "Macieja,B"]
[Result "1/2-1/2"]
[WhiteElo "2438"]
[BlackElo "2595"]
[ECO "B35"]

1.e4 c5 2.Nf3 Nc6 3.Nc3 g6 4.d4 cxd4 5.Nxd4 Bg7 6.Be3 Nf6 7.Bc4 O-O 8.Bb3 d6
9.f3 Bd7 10.Qd2 Nxd4 11.Bxd4 b5 12.O-O Bc6 13.a4 a6 14.axb5 axb5 15.Qd3 b4
16.Nd5 Nxd5 17.Bxd5 Bxd5 18.exd5 Bxd4+ 19.Qxd4 Qc7 20.Rac1 Qa7 21.Qxa7 Rxa7
22.c4 bxc3 23.bxc3 Ra2 24.Rf2 Rfa8 25.Rxa2 Rxa2 26.c4 Kg7 27.c5 dxc5 28.Rxc5 Kf6
29.f4 h6 30.Rc6+ Kf5 31.Rc7 Kf6 32.Rc6+ Kg7 33.Rc7 Re2 34.Rd7 g5 35.fxg5 hxg5
36.Kf1 Re4 37.Kf2 Kf6 38.h3 Rd4 39.Ke3 Rd1 40.Ke2 Rd4 41.Ke3 Ra4 42.Kf3 Ra2
43.Kg3 Re2 44.Kf3 Re5 45.Kg3 Kg6 46.h4 gxh4+ 47.Kxh4 f5 48.Kg3 Kf6 49.Kf3 Re4
50.Kg3 Re3+ 51.Kf2 Ra3 52.Ke2 f4 53.Kf2 Rd3 54.Ke2 Rg3 55.Kf2 Rd3 56.Ke2 Rg3
57.Kf2 Rd3  1/2-1/2

[Event "TCh-SRB 1st League 2013"]
[Site "Kragujevac SRB"]
[Date "2013.08.31"]
[Round "8.3"]
[White "Nadj Hedjesi,B"]
[Black "Ristic,Nen"]
[Result "0-1"]
[WhiteElo "2395"]
[BlackElo "2437"]
[ECO "B33"]

1.e4 c5 2.Ne2 Nc6 3.Nbc3 Nf6 4.d4 cxd4 5.Nxd4 e5 6.Ndb5 d6 7.Bg5 a6 8.Bxf6 gxf6
9.Na3 f5 10.Bc4 b5 11.Bd5 Bd7 12.Qh5 Qf6 13.exf5 Rc8 14.g4 Nb4 15.Rd1 Rxc3
16.Be4 Rc7 17.g5 Qe7 18.c3 Bc6 19.Bxc6+ Nxc6 20.Nc2 d5 21.Ne3 d4 22.Ng4 Bg7
23.O-O Qd7 24.f6 Bf8 25.Rfe1 Qf5 26.Rxd4 h6 27.Rd5 Qf3 28.Red1 Rg8 29.g6 Rxg6
30.h3 Rg5 31.Qh4 Nd4 32.R1xd4 exd4 33.Rxg5 hxg5 34.Qxg5 Rc5 35.Qd2 dxc3 36.Qe1+ Kd8
37.Ne5  0-1

[Event "TCh-SRB 1st League w 2013"]
[Site "Kragujevac SRB"]
[Date "2013.08.31"]
[Round "8.2"]
[White "Stojadinov,S"]
[Black "Videnova,I"]
[Result "1-0"]
[WhiteElo "1935"]
[BlackElo "2305"]
[ECO "B23"]

1.e4 c5 2.Nc3 Nc6 3.Bb5 Nd4 4.Bc4 e6 5.Nge2 a6 6.d3 Nf6 7.O-O b5 8.Bb3 Nxb3
9.axb3 Bb7 10.f4 d5 11.e5 d4 12.exf6 dxc3 13.f5 Qd5 14.Nf4 Qd4+ 15.Kh1 e5
16.bxc3 Qd6 17.fxg7 Bxg7 18.Nh5 Bf6 19.Qe2 O-O-O 20.Ng3 h5 21.Ne4 Qe7 22.Be3 Rd5
23.c4 Rd4 24.Bxd4 exd4 25.cxb5 axb5 26.Ra5 Be5 27.Rxb5 Bc7 28.Rxc5 Kb8 29.f6 Qe6
30.Rxh5 Rg8 31.Qf3 Qc6 32.Nc5 Qxf3 33.gxf3 Bc6 34.Na6+ Kb7 35.Nxc7 Kxc7 36.Rh7 Bd5
37.Rh4 Kd6 38.Rxd4 Ke5 39.Rxd5+ Kxd5 40.Rg1 Rc8 41.Rg2 Ke5 42.h4 Kf4 43.Rg4+ Kxf3
44.Rc4 Re8 45.Re4 Rc8 46.Rc4 Re8 47.Rc5 Re6 48.b4 Rxf6 49.h5 Rf4 50.Rc4 Rf5
51.Kg1 Rxh5 52.Rc5 f5 53.b5 Rg5+ 54.Kf1 Rh5 55.Ke1 Ke3 56.Re5+ Kd4 57.Re8 Rh6
58.Rf8 Kc3 59.Rc8+ Kd4 60.Rc6 Rh1+ 61.Ke2 Rb1 62.c3+ Ke5 63.c4 Kf4 64.Rd6 Rb2+
65.Kd1 Ke3 66.Kc1 Rg2 67.b6 f4 68.c5 Rg5 69.c6 f3 70.b7 f2 71.Rf6 Rc5+ 72.Kd1 Rxc6
73.b8=Q Rxf6 74.Qe5+ Kxd3 75.Qxf6 Ke3 76.Qc3+ Kf4 77.Ke2  1-0

[Event "21st Honor to National Resistance"]
[Site "Nikaia GRE"]
[Date "2013.08.31"]
[Round "7.20"]
[White "Sidiropoulos,N2"]
[Black "Alexakis,Georgios"]
[Result "1/2-1/2"]
[WhiteElo "1926"]
[BlackElo "1724"]
[ECO "B34"]

1.e4 c5 2.Nf3 Nc6 3.Nc3 g6 4.d4 cxd4 5.Nxd4 Bg7 6.Nb3 Nf6 7.Bc4 O-O 8.O-O d6
9.Re1 a6 10.Bf1 b5 11.Nd5 Bb7 12.c3 Ne5 13.Bg5 Nxd5 14.exd5 Qc7 15.Rb1 Rfe8
16.Kh1  1/2-1/2

[Event "2nd Paleros Open"]
[Site "Paleros GRE"]
[Date "2013.08.31"]
[Round "9.5"]
[White "Patriarheas,G"]
[Black "Azis,A"]
[Result "0-1"]
[WhiteElo "1976"]
[BlackElo "2218"]
[ECO "B30"]

1.e4 c5 2.Nf3 Nc6 3.Nc3 d6 4.d4 cxd4 5.Nxd4 e5 6.Nf3 h6 7.Bc4 Nf6 8.h3 a6
9.a4 Be7 10.O-O g5 11.Nh2 Nd4 12.Be3 Ne6 13.Nd5 Nxe4 14.Bb6 Qd7 15.Re1 Nf6
16.Nxf6+ Bxf6 17.Ng4 Be7 18.Qf3 Qc6 19.Qb3 Kf8 20.Bd5 Qe8 21.Rad1 Nf4 22.Bc7 h5
23.Ne3 Qd7 24.Qb6 Rh6 25.Be4 a5 26.Bf5 Qc6 27.Qxc6 bxc6 28.Bxc8 Rxc8 29.Bxa5 Ra8
30.Bc7 Ra7 31.Bb6 Rxa4 32.g3 Nxh3+ 33.Kg2 g4 34.b3 Ra2 35.Ra1 Rxa1 36.Rxa1 Rf6
37.Ra8+ Kg7 38.Nd1 d5 39.Re8 Bd6 40.Nc3 Bb4 41.Nd1 Re6 42.Rd8 Bd2 43.Nb2 Bc3
44.Nd3 e4 45.Nc5 Rf6 46.Nd7 Rf3 47.Nb8 d4 48.Bxd4+ Bxd4 49.Rxd4 Rxf2+  0-1

[Event "Petersburg Summer Rapid 2013"]
[Site "St Petersburg RUS"]
[Date "2013.08.31"]
[Round "1.4"]
[White "Ivanov,Sergei V."]
[Black "Matlakov,M"]
[Result "0-1"]
[WhiteElo "2034"]
[BlackElo "2676"]
[ECO "B23"]

1.e4 c5 2.Nc3 Nc6 3.Bb5 Nd4 4.Bc4 e6 5.Nf3 Ne7 6.Nxd4 cxd4 7.Ne2 Nc6 8.O-O a6
9.c3 b5 10.Bb3 Bc5 11.cxd4 Nxd4 12.Nxd4 Bxd4 13.d3 Bb7 14.Qg4 O-O 15.Rb1 Rc8
16.Be3 Qb6 17.Qg3 a5 18.Bxd4 Qxd4 19.Qe3 Qb4 20.Qe1 Qd6 21.Qe3 f5 22.f3 a4
23.Bd1 f4 24.Qf2 e5 25.a3 Qxd3 26.Be2 Qb3 27.Rfd1 Bc6 28.Rbc1 Kh8 29.Bf1 Rb8
30.Qc5 Qxb2 31.Rb1 Qa2 32.Qxe5 Qxa3 33.Bxb5 d6 34.Qe7 Qc5+  0-1

[Event "12th Kesarovski Mem"]
[Site "Sunny Beach BUL"]
[Date "2013.08.31"]
[Round "1.7"]
[White "Petrov,Marij"]
[Black "Adair,J"]
[Result "1/2-1/2"]
[WhiteElo "2489"]
[BlackElo "2363"]
[ECO "B30"]

1.e4 c5 2.Nf3 Nc6 3.Nc3 e5 4.Bc4 Be7 5.d3 Nf6 6.Nd2 d6 7.Nf1 Bg4 8.f3 Be6
9.Ne3 O-O 10.O-O Nh5 11.Ncd5 Bg5 12.g3 Bxe3+ 13.Bxe3 Na5 14.g4 Nxc4 15.dxc4 Nf6
16.Bg5 Bxd5 17.cxd5 h6 18.Be3 b5 19.c3 a5 20.a4 b4 21.cxb4 axb4 22.b3 Nd7
23.Qe1 g5 24.h4 f6 25.Ra2 Kg7 26.Rh2 Rh8 27.Kg2 Nf8 28.Kg3 Ng6 29.h5 Nf8
30.Ra2 Nd7 31.Qe2 Qa5 32.Rc1 Rhc8 33.Kg2 Kf7 34.Kf1 Ke7 35.Rac2 Rc7 36.Rc4 Nb6
37.R4c2  1/2-1/2

[Event "15th Sants Open 2013"]
[Site "Barcelona ESP"]
[Date "2013.09.01"]
[Round "10.7"]
[White "Arribas Lopez,A"]
[Black "Kulaots,K"]
[Result "1-0"]
[WhiteElo "2494"]
[BlackElo "2581"]
[ECO "B23"]

1.e4 c5 2.Nc3 Nc6 3.Bb5 Nd4 4.Bc4 g6 5.Nf3 Bg7 6.O-O d6 7.d3 Nxf3+ 8.Qxf3 Nf6
9.Nd5 Nxd5 10.Bxd5 O-O 11.a4 e6 12.Bb3 b6 13.c3 Bb7 14.Be3 Qd7 15.Rfd1 f5
16.Qh3 Rae8 17.Qh4 Kh8 18.a5 b5 19.a6 Bc6 20.d4 fxe4 21.dxc5 d5 22.Rd2 Qf7
23.Rad1 Rd8 24.Bh6 Bxh6 25.Qxh6 Qe7 26.Qe3 Rd7 27.h3 Qf6 28.f3 exf3 29.Rf2 Qe7
30.Qe5+ Kg8 31.Re1 Rf6 32.g4 Rf7 33.Qxe6 Qxc5 34.Qe8+ Rf8 35.Qe3 Qxe3 36.Rxe3 Kg7
37.Rexf3 Rxf3 38.Rxf3 d4 39.Rd3 dxc3 40.Rxc3 Rd6 41.g5 h6 42.h4 hxg5 43.hxg5 Kf8
44.Rh3 Bd7 45.Rh7 Ke8 46.Bc2 Rxa6 47.Rg7 Ra1+ 48.Kf2 Ra2 49.Bxg6+ Kd8 50.Ke3 Rxb2
51.Be4 Rb3+ 52.Kf4 a5 53.Bd5 Rb1 54.Ke5 Be8 55.Kd6 a4 56.Rg8 Rd1 57.g6 Rxd5+
58.Kxd5 Ke7 59.Ke5 a3 60.Rg7+ Kd8 61.Ke4  1-0

[Event "TCh-SRB 1st League 2013"]
[Site "Kragujevac SRB"]
[Date "2013.09.01"]
[Round "9.4"]
[White "Nestorovic,L"]
[Black "Solomunovic,I"]
[Result "1/2-1/2"]
[WhiteElo "2397"]
[BlackElo "2433"]
[ECO "B23"]

1.e4 c5 2.Nc3 Nc6 3.Bb5 g6 4.Bxc6 dxc6 5.d3 Bg7 6.Be3 b6 7.Qd2 e5 8.O-O-O Be6
9.f4 exf4 10.Bxf4 b5 11.Nf3 Qa5 12.e5 b4 13.Ne4 Qxa2 14.Qe3 Qd5 15.Nd6+ Kf8
16.Ng5 Ne7 17.Nxe6+ fxe6 18.Ne4 Nf5 19.Qxc5+ Qxc5 20.Nxc5 Kf7 21.Rhf1 h5
22.h3 h4 23.Rde1 a5 24.Re4 Rhd8 25.Rc4 Rd5 26.Ne4 Ra6 27.Ng5+ Ke7 28.Nf3 Kd7
29.Re1 c5 30.Ree4 a4 31.Kb1 a3 32.bxa3 Rxa3 33.Bc1 Ra8 34.Bb2 Bh6 35.d4 cxd4
36.Nxh4 b3 37.Nxf5 bxc2+ 38.Rxc2 gxf5 39.Rxd4 Rxd4 40.Bxd4 Ra4 41.Bc5 Re4
42.Bd6 Bf4 43.Rc7+ Kd8 44.Re7 Bxe5 45.Rxe6 Bxd6 46.Rxd6+ Ke7 47.Rd2 Kf6 48.Kc2 Kg5
49.Kd3 Ra4 50.Ke3 Rb4 51.Rd3 Ra4 52.Kf3 Rb4 53.Ra3 Rc4 54.Ra8 Rc3+ 55.Kf2 Rc2+
56.Kg1 Rb2 57.Rg8+ Kh6 58.Rg3 Ra2 59.Kh2 f4 60.Rb3 Kg5 61.Rb5+ Kg6 62.Kg1 Rc2
63.Rb8 Ra2 64.Kf1 Rc2 65.Re8 Kf5 66.Re2 Rc3 67.Kf2 Ra3 68.Rb2 Kg5 69.Rb8 Ra2+
70.Kg1 Rc2 71.Rg8+ Kf5 72.h4 Ra2 73.Rg5+ Kf6 74.Rg4 Kf5 75.Rg8 Rc2 76.h5 Rc6
77.Rh8 Kg5 78.Kf2 Rc2+ 79.Kf3 Rc3+ 80.Ke4 Re3+ 81.Kd4 Ra3 82.h6 Kg6 83.Ke4 Ra4+
84.Kf3 Rb4 85.Kg4 Ra4 86.Kf3 Rb4 87.Ke2 Rb3 88.Kd2 f3 89.gxf3 Rxf3  1/2-1/2

[Event "67th Moscow Blitz 2013"]
[Site "Moscow RUS"]
[Date "2013.09.01"]
[Round "1"]
[White "Savchenko,B"]
[Black "Belous,V"]
[Result "1-0"]
[WhiteElo "2602"]
[BlackElo "2554"]
[ECO "B35"]

1.e4 c5 2.Nf3 Nc6 3.Nc3 g6 4.d4 cxd4 5.Nxd4 Bg7 6.Be3 Nf6 7.Bc4 O-O 8.Bb3 d6
9.f3 a6 10.Qd2 Na5 11.g4 b5 12.h4 e5 13.Nde2 Bb7 14.O-O-O Nxb3+ 15.axb3 Rc8
16.Qxd6 Qxd6 17.Rxd6 b4 18.Rb6 Bxe4 19.Nxe4 Nd5 20.Bf2 Nxb6 21.Bxb6 f5 22.gxf5 gxf5
23.Nd6 Rc6 24.Nc4 Rg6 25.Bc5 Rb8 26.Bd6 Rb5 27.f4 Rg2 28.Re1 e4 29.Be5 Bh6
30.Ne3 Rg6 31.Nxf5 Bf8 32.Neg3 Ra5 33.Kb1 Rd5 34.Nxe4 Rd8 35.h5 Rg2 36.Nf6+ Kf7
37.Nxh7 Rdd2 38.Ng5+  1-0

[Event "67th Moscow Blitz 2013"]
[Site "Moscow RUS"]
[Date "2013.09.01"]
[Round "13"]
[White "Najer,E"]
[Black "Savchenko,B"]
[Result "1-0"]
[WhiteElo "2626"]
[BlackElo "2602"]
[ECO "B23"]

1.e4 c5 2.Nc3 Nc6 3.Bb5 Nd4 4.Bc4 e6 5.Nf3 Ne7 6.Nxd4 cxd4 7.Ne2 Qc7 8.Bb3 f5
9.d3 fxe4 10.dxe4 Nc6 11.O-O Bc5 12.Nf4 O-O 13.Nd3 Be7 14.Bd2 Na5 15.Bxa5 Qxa5
16.f4 b6 17.f5 Bg5 18.Qg4 Qd2 19.Rad1 Qe3+ 20.Kh1 h5 21.Qxh5 Be7 22.Nf4 Rf6
23.Nd5 Bd8 24.Nxe3  1-0